Estates Gazette Digest of Cases (Record no. 119106)

MARC details
000 -LEADER
fixed length control field 00518cas a22001935a 4500
001 - CONTROL NUMBER
control field L139662
008 - FIXED-LENGTH DATA ELEMENTS--GENERAL INFORMATION
fixed length control field 070802c1903 xxkar p 0 a0eng u
035 ## - SYSTEM CONTROL NUMBER
System control number (Sirsi) u139662
041 0# - LANGUAGE CODE
Language code of text/sound track or separate title eng
240 1# - UNIFORM TITLE
Uniform title Digest of Land and Property Cases
240 1# - UNIFORM TITLE
Uniform title Digest of Law and Arbitration Cases
245 00 - TITLE STATEMENT
Title Estates Gazette Digest of Cases
260 ## - PUBLICATION, DISTRIBUTION, ETC.
Place of publication, distribution, etc. London
Name of publisher, distributor, etc. Estates Gazette
Date of publication, distribution, etc. 1903-
362 0# - DATES OF PUBLICATION AND/OR SEQUENTIAL DESIGNATION
Dates of publication and/or sequential designation 1902-1983
554 ## -
-- One per year
651 #4 - SUBJECT ADDED ENTRY--GEOGRAPHIC NAME
Geographic name England and Wales
Chronological subdivision 1543-
690 ## - LOCAL SUBJECT ADDED ENTRY--TOPICAL TERM (OCLC, RLIN)
Topical term or geographic name as entry element PROPERTY
942 ## - ADDED ENTRY ELEMENTS (KOHA)
Suppress in OPAC 0
Holdings
Withdrawn status Lost status Source of classification or shelving scheme Damaged status Not for loan Home library Current library Shelving location Date acquired Total Checkouts Full call number Barcode Date last seen Price effective from Koha item type
    Dewey Decimal Classification     London London Basement 02/08/2007   BASEMENT 139662-1001 06/08/2019 06/08/2019 Journal